Manners and mischief (Record no. 124335)
[ view plain ]
| 000 -LEADER | |
|---|---|
| fixed length control field | 01489nam a2200373 a 4500 |
| 082 04 - DEWEY DECIMAL CLASSIFICATION NUMBER | |
| Classification number | 395.0952 |
| 245 00 - TITLE STATEMENT | |
| Title | Manners and mischief |
| 260 ## - PUBLICATION, DISTRIBUTION, ETC. (IMPRINT) | |
| Place of publication | Berkeley, Calif. ; |
| -- | Los Angeles, Calif. : |
| Name of publisher | University of California Press, |
| Year of publication | 2011. |
| 300 ## - PHYSICAL DESCRIPTION | |
| Number of Pages | xiv, 284 p. : |
| Other physical details | ill. |
| 650 #0 - SUBJECT ADDED ENTRY--TOPICAL TERM | |
| Topical Term | Etiquette |
| Topical Term | Sex role |
| Topical Term | Power (Social sciences) |
| 700 1# - ADDED ENTRY--PERSONAL NAME | |
| Personal name | Bardsley, Jan. |
| Personal name | Miller, Laura, |
| 856 40 - ELECTRONIC LOCATION AND ACCESS | |
| Uniform Resource Identifier | http://site.ebrary.com/lib/rucke/Doc?id=10455032 |
No items available.
